00199nam a22000977a 4500003000400000008004100004082001800045245002100063260000900084300000800093OSt240918b |||||||| |||| 00| 0 eng d a633.7105bT54 aTobacco research c1980 a1-2